01016nam a22002657a 450000500170000001000130001702000220003003500130005203700160006504000120008108200160009310000340010924501540014326000340029727000140033130000300034550000330037565000560040865000550046470000340051970000300055394200250058399900190060895201230062720170124110208.0 aB-090306 c00.00a0071378812 aB-090306 bCen Lib/Ret aDPLbEN a628.42bHAC aHackman, Christaian L.937731 aHazardous waste operations and emergency response manual and desk reference /cby Christian L. Hackman, E. Ellsworth Hackamn [and] Mathew E. Hackman  aNew york bMcGraw Hill c2002 bNew york  avarious pagingsc21cm(Hb) aIncludes appendix and index  aHazardous wastesvManuals xsafety measures 937732 aHazardous wastesvManuals xHealth aspects 937733 aHackman, E. Ellsworth 937734 aHackman, Mathew E.937735 2ddccENh628.42mHAC c133365d133365 00104070aLbLd2015-07-25eCen Lib/Retg0.00l0o628.42 HACpB-090306r2015-07-25 00:00:00t1v0.00w2015-07-25yEN